00970nam a22002657a 450000500170000000800410001702000180005804000270007604100080010304400070011108200140011810000180013224500890015026000600023930001120029950000330041150400610044465000150050565000260052065000180054665000470056465000330061170000280064470000320067220180803170235.0160415b2015 nyuado fr|||| 00| 0 eng d a9783662463932 aCO-BoIAVH cCO-BoIAVH 0 aeng ack04a578bB67b1 aBoegnik, Jens10aBiodiversity and earth history / cJens Boenigk, Sabina Wodniok y Edvard Glücksman aNueva York :bSpringer-Verlag Berlin Heidelberg,c2015. a401 páginas :bilustraciones a color, gráficas a color y fotografías a color ;c28 x 22 centímetros aIncluye índice y glosario. aIncluye referencias bibliográficas: páginas 379-385. 6aGeología 6aCiencias de la tierra 6aBiodiversidad 6aBiodiversidadxDistribución geográfica 6aBiodiversidadxdescripción1 aWodnoik, Sabinaeautora1 aGlücksman, Edvardeautora